|
|
|
|
| LEADER |
00000nab a2200000 a 4500 |
| 001 |
vtls009480312 |
| 003 |
SK-MaSNL |
| 005 |
20260303200448.0 |
| 008 |
090305 19730130xo 000 0 slo |
| 015 |
|
|
|a SNBRB1973
|
| 040 |
|
|
|a SNKBUCL
|b slo
|c SNKBUCL
|e AACR2
|
| 041 |
0 |
|
|a slo
|
| 044 |
|
|
|a xo
|c SK
|
| 080 |
|
|
|a 792.2
|2 2001
|
| 100 |
1 |
|
|a Valo, Peter
|4 aut
|9 320277
|
| 245 |
1 |
0 |
|a Mladý sovietsky dramamtik na scéne DJGT
|c Peter Valo
|
| 600 |
1 |
7 |
|a Roščin, Michail Michajlovič,
|d 1933-2010
|t Valentín a Valentína
|2 snkbucl
|9 1225813
|
| 610 |
2 |
7 |
|a Divadlo Jozefa Gregora Tajovského
|2 snkbucl
|9 232402
|
| 655 |
|
7 |
|a recenzie
|2 snkbucl
|9 21907
|
| 773 |
0 |
|
|t Pravda
|g (30.1.1973), s. 5
|
| 958 |
|
|
|a RC
|
| 999 |
|
|
|c 2168166
|d 2170096
|